01471 a2200181 45000010006000000050017000060080041000230030015000640400040000790800081001192450060002002500012002602640064002723000032003365050880003680410008012481000033012565978420260407155851.0260407a1959 arg spa dAR-UNSa-BCEJYS aAR-UNSa-BCEJYSbspacAR-UNSa-BCEJYS a342.5xPoderes del estado. Sistema y función de los órganos del gobierno10aGobierno y administración de la República Argentina a2a. ed. 1aBuenos Aires :bTEA (Tipográfica Editora Argentina)c1959 a2 v. (515 ; 453 p.)c23 cm. aVol. I: 1. Derecho - 2. La organización política de los estados modernos. La era constitucional en Europa y en América - 3. El Estado moderno y sus funciones – 4. Agentes del servicio público – 5. La constitución argentina: sus antecedentes – 6. Caracteres de la forma representativa republicana federal – 7. Poder ejecutivo – 8. Poder judicial – 9. Formación del Tesoro Nacional -- Vol. II: 10. Derecho público provincial – 11. Régimen municipal – 12. Organización administrativa argentina – 13. Régimen aduanero – 14. Régimen legal de la tierra pública – 15. Tributos – 16. Régimen de recaudación, inversión y contralor – 17. Derechos y garantías constitucionales – 18. Limitaciones administrativas a la propiedad privada – 19. Suspensión de las garantías constitucionales – 20. Responsabilidad del estado aspa1 aLinares Quintana, Segundo V.